[Event "George Trundle Qualifiers 2016"]
[Site "Auckland"]
[Date "2016.07.16"]
[Round "8.1"]
[White "Milligan, Helen"]
[Black "Macdonald, Paul"]
[Result "1/2-1/2"]
[LiveChessVersion "1.4.8"]
[BlackElo "1989"]
[WhiteElo "2053"]

1. e4 {[%clk 1:30:57]} e5 {[%clk 1:29:22]} 2. Nf3 {[%clk 1:31:21]} Nf6
{[%clk 1:29:44]} 3. Nxe5 d6 {[%clk 1:28:37]} 4. Nf3 {[%clk 1:29:52]} Nxe4
{[%clk 1:29:00]} 5. Nc3 {[%clk 1:28:38]} Nf6 {[%clk 1:28:59]} 6. d4
{[%clk 1:27:22]} Be7 {[%clk 1:29:17]} 7. Be2 {[%clk 1:25:26]} O-O
{[%clk 1:29:39]} 8. O-O {[%clk 1:25:44]} Re8 {[%clk 1:27:40]} 9. Re1
{[%clk 1:24:11]} Bg4 {[%clk 1:25:38]} 10. h3 {[%clk 1:24:10]} Bh5
{[%clk 1:25:56]} 11. Bf4 {[%clk 1:22:46]} c6 {[%clk 1:20:51]} 12. Qd2
{[%clk 1:21:02]} Nbd7 {[%clk 1:15:32]} 13. Ng5 {[%clk 1:13:53]} Bg6
{[%clk 0:56:09]} 14. Bd3 {[%clk 1:06:36]} Bxd3 {[%clk 0:51:50]} 15. Qxd3
{[%clk 1:06:26]} d5 {[%clk 0:52:05]} 16. Nf3 {[%clk 1:03:04]} Nf8
{[%clk 0:50:22]} 17. Ne5 {[%clk 0:55:46]} Ne6 {[%clk 0:48:25]} 18. Bh2
{[%clk 0:46:55]} Bd6 {[%clk 0:42:34]} 19. Ne2 {[%clk 0:40:22]} Ne4
{[%clk 0:36:49]} 20. f3 {[%clk 0:35:40]} Nf6 {[%clk 0:37:06]} 21. c3
{[%clk 0:34:55]} Qc7 {[%clk 0:29:04]} 22. Qf5 {[%clk 0:29:53]} Qd8
{[%clk 0:23:44]} 23. Rad1 {[%clk 0:21:48]} g6 {[%clk 0:23:58]} 24. Qc2
{[%clk 0:21:35]} Nh5 {[%clk 0:14:42]} 25. Qd2 {[%clk 0:20:09]} Qh4
{[%clk 0:12:24]} 26. Kh1 {[%clk 0:16:37]} Rad8 {[%clk 0:10:06]} 27. Rf1
{[%clk 0:15:53]} f6 {[%clk 0:08:57]} 28. Nd3 {[%clk 0:14:18]} Bxh2
{[%clk 0:09:05]} 29. Kxh2 {[%clk 0:14:43]} Ng5 {[%clk 0:09:15]} 30. Qe1
{[%clk 0:12:05]} Qxe1 {[%clk 0:07:51]} 31. Rfxe1 {[%clk 0:12:03]} Re7
{[%clk 0:04:56]} 32. Ng3 {[%clk 0:11:28]} Rxe1 {[%clk 0:04:46]} 33. Rxe1
{[%clk 0:11:25]} Nxg3 {[%clk 0:04:58]} 34. Kxg3 {[%clk 0:11:47]} Kf7
{[%clk 0:04:36]} 35. h4 {[%clk 0:11:26]} Ne6 {[%clk 0:04:49]} 1/2-1/2

[Event "George Trundle Qualifiers 2016"]
[Site "Auckland"]
[Date "2016.07.16"]
[Round "8.2"]
[White "Bennett, Hilton P"]
[Black "Duneas, John"]
[Result "0-1"]
[LiveChessVersion "1.4.8"]
[BlackElo "2100"]
[WhiteElo "1977"]

1. e4 {[%clk 1:12:18]} Nf6 {[%clk 1:30:48]} 2. Nc3 {[%clk 1:12:21]} d5
{[%clk 1:30:35]} 3. e5 {[%clk 1:12:34]} d4 {[%clk 1:25:52]} 4. exf6
{[%clk 1:12:56]} dxc3 {[%clk 1:26:16]} 5. fxg7 {[%clk 1:13:13]} cxd2+
{[%clk 1:25:53]} 6. Bxd2 {[%clk 1:13:24]} Bxg7 {[%clk 1:25:50]} 7. Qf3
{[%clk 1:13:47]} Qd6 {[%clk 1:16:15]} 8. Bc3 {[%clk 0:56:47]} Bxc3+
{[%clk 1:05:57]} 9. Qxc3 {[%clk 0:57:09]} Rg8 {[%clk 1:04:31]} 10. Nf3
{[%clk 0:46:37]} Nc6 {[%clk 1:03:00]} 11. Bb5 {[%clk 0:33:04]} Bd7
{[%clk 0:56:42]} 12. Rd1 {[%clk 0:20:43]} Qe6+ {[%clk 0:55:11]} 13. Kf1
{[%clk 0:20:50]} O-O-O {[%clk 0:51:04]} 14. h3 {[%clk 0:17:38]} Qg6
{[%clk 0:48:44]} 15. g3 {[%clk 0:17:33]} Bxh3+ {[%clk 0:48:10]} 16. Rxh3
{[%clk 0:16:39]} Rxd1+ {[%clk 0:47:09]} 17. Kg2 {[%clk 0:16:53]} f5
{[%clk 0:27:32]} 18. Bd3 {[%clk 0:15:41]} e6 {[%clk 0:26:35]} 19. Qc4
{[%clk 0:13:45]} Rg7 {[%clk 0:21:03]} 20. Qc5 {[%clk 0:12:52]} Qf6
{[%clk 0:20:12]} 21. Qe3 {[%clk 0:12:48]} e5 {[%clk 0:16:52]} 22. Rh6
{[%clk 0:10:18]} Rg6 {[%clk 0:15:32]} 23. Rxg6 {[%clk 0:08:08]} hxg6
{[%clk 0:15:52]} 24. Bb5 {[%clk 0:06:11]} Qh8 {[%clk 0:09:33]} 25. Nh4
{[%clk 0:04:33]} Nd4 {[%clk 0:09:13]} 26. Bf1 {[%clk 0:03:45]} f4
{[%clk 0:07:33]} 27. Qe4 {[%clk 0:03:35]} g5 {[%clk 0:06:39]} 28. c3
{[%clk 0:01:27]} gxh4 {[%clk 0:05:38]} 29. Ba6 {[%clk 0:00:50]} f3+
{[%clk 0:05:08]} 0-1

[Event "George Trundle Qualifiers 2016"]
[Site "Auckland"]
[Date "2016.07.16"]
[Round "8.3"]
[White "Ang, Alphaeus Wei Ern"]
[Black "Gibbons, Robert E"]
[Result "1-0"]
[LiveChessVersion "1.4.8"]
[BlackElo "2008"]
[WhiteElo "2087"]

1. d4 {[%clk 1:30:58]} d5 {[%clk 1:08:38]} 2. c4 {[%clk 1:31:24]} c6
{[%clk 1:08:58]} 3. Nc3 {[%clk 1:31:48]} Nf6 {[%clk 1:09:17]} 4. Nf3
{[%clk 1:32:13]} e6 {[%clk 1:09:29]} 5. Bg5 {[%clk 1:32:20]} Be7 {[%clk 1:09:41]}
6. e3 {[%clk 1:32:25]} h6 {[%clk 1:09:12]} 7. Bh4 {[%clk 1:30:20]} Ne4
{[%clk 1:07:24]} 8. Bxe7 {[%clk 1:29:01]} Qxe7 {[%clk 1:06:59]} 9. Bd3
{[%clk 1:27:17]} Nxc3 {[%clk 1:03:07]} 10. bxc3 {[%clk 1:27:43]} Nd7
{[%clk 1:03:13]} 11. O-O {[%clk 1:26:54]} O-O {[%clk 1:03:37]} 12. cxd5
{[%clk 1:15:18]} cxd5 {[%clk 1:02:18]} 13. Re1 {[%clk 1:13:36]} b6
{[%clk 1:00:57]} 14. e4 {[%clk 1:07:46]} dxe4 {[%clk 1:01:08]} 15. Bxe4
{[%clk 1:07:45]} Rb8 {[%clk 1:01:28]} 16. Qa4 {[%clk 1:02:50]} Nf6
{[%clk 0:59:14]} 17. Bc6 {[%clk 0:58:35]} Qc7 {[%clk 0:53:33]} 18. Ne5
{[%clk 0:55:38]} Rd8 {[%clk 0:52:10]} 19. Qa3 {[%clk 0:48:04]} Bb7
{[%clk 0:48:18]} 20. Qxa7 {[%clk 0:43:00]} Rdc8 {[%clk 0:44:33]} 21. Bxb7
{[%clk 0:41:48]} Rxb7 {[%clk 0:44:38]} 22. Qa6 {[%clk 0:41:51]} Ra7
{[%clk 0:44:27]} 23. Qf1 {[%clk 0:39:21]} Nd5 {[%clk 0:42:38]} 24. c4
{[%clk 0:19:17]} Nb4 {[%clk 0:41:09]} 25. Qe2 {[%clk 0:18:09]} Rca8
{[%clk 0:31:54]} 26. Qb2 {[%clk 0:11:52]} Ra4 {[%clk 0:25:00]} 27. a3
{[%clk 0:11:46]} f6 {[%clk 0:25:19]} 28. axb4 {[%clk 0:11:06]} Rxa1
{[%clk 0:25:38]} 29. Rxa1 {[%clk 0:11:13]} Rxa1+ {[%clk 0:26:05]} 30. Qxa1
{[%clk 0:11:39]} fxe5 {[%clk 0:26:22]} 31. c5 {[%clk 0:08:28]} Qc6
{[%clk 0:21:36]} 32. h3 {[%clk 0:04:49]} bxc5 {[%clk 0:20:41]} 33. dxc5
{[%clk 0:05:03]} Qe4 {[%clk 0:21:04]} 34. Qc3 {[%clk 0:04:31]} Qc6
{[%clk 0:16:27]} 35. Qxe5 {[%clk 0:04:24]} Kf7 {[%clk 0:16:54]} 36. Qf4+
{[%clk 0:03:22]} Ke7 {[%clk 0:17:10]} 37. Qd4 {[%clk 0:03:26]} Kf7
{[%clk 0:16:27]} 38. Qc4 {[%clk 0:03:29]} g5 {[%clk 0:16:05]} 39. b5
{[%clk 0:03:23]} Qd7 {[%clk 0:16:34]} 40. c6 {[%clk 0:31:58]} Qd1+
{[%clk 0:46:24]} 41. Kh2 {[%clk 0:32:20]} Qd6+ {[%clk 0:46:36]} 42. g3
{[%clk 0:32:27]} Qc7 {[%clk 0:46:04]} 43. Qc5 {[%clk 0:32:22]} Ke8
{[%clk 0:45:59]} 44. b6 {[%clk 0:32:34]} Qc8 {[%clk 0:45:59]} 45. b7
{[%clk 0:32:33]} Qc7 {[%clk 0:46:17]} 46. Qa7 {[%clk 0:32:49]} 1-0

[Event "George Trundle Qualifiers 2016"]
[Site "Auckland"]
[Date "2016.07.16"]
[Round "8.4"]
[White "Nyberg, Michael"]
[Black "Gong, Daniel Hanwen"]
[Result "0-1"]
[LiveChessVersion "1.4.8"]
[BlackElo "2042"]
[WhiteElo "1930"]

1. e4 {[%clk 1:30:44]} c5 {[%clk 1:30:36]} 2. Nf3 {[%clk 1:31:02]} e6
{[%clk 1:31:00]} 3. g3 {[%clk 1:31:01]} a6 {[%clk 1:25:40]} 4. Bg2
{[%clk 1:28:54]} Nc6 {[%clk 1:25:28]} 5. O-O {[%clk 1:27:32]} Qc7
{[%clk 1:21:05]} 6. d3 {[%clk 1:21:58]} d6 {[%clk 1:18:19]} 7. c3
{[%clk 1:12:51]} Nf6 8. Qe2 {[%clk 1:09:16]} e5 {[%clk 1:14:26]} 9. Nbd2
{[%clk 1:04:21]} Be7 {[%clk 1:11:10]} 10. Re1 {[%clk 1:01:05]} O-O
{[%clk 1:09:29]} 11. Nf1 {[%clk 0:59:38]} h6 {[%clk 1:09:26]} 12. Ne3
{[%clk 0:59:38]} Be6 {[%clk 1:07:18]} 13. b3 {[%clk 0:53:26]} b5 {[%clk 1:06:40]}
14. Bb2 {[%clk 0:53:07]} b4 {[%clk 1:05:40]} 15. c4 {[%clk 0:51:10]} a5
{[%clk 0:51:26]} 16. Nh4 {[%clk 0:47:58]} a4 {[%clk 0:41:43]} 17. Nhf5
{[%clk 0:46:00]} Nd4 {[%clk 0:38:51]} 18. Bxd4 {[%clk 0:42:34]} cxd4
{[%clk 0:39:05]} 19. Nxe7+ {[%clk 0:41:08]} Qxe7 {[%clk 0:39:31]} 20. Nc2
{[%clk 0:41:10]} Rfb8 {[%clk 0:30:42]} 21. Qd2 {[%clk 0:37:41]} Rb6
{[%clk 0:22:32]} 22. f4 {[%clk 0:31:45]} Rab8 {[%clk 0:21:38]} 23. bxa4
{[%clk 0:30:14]} Qa7 {[%clk 0:20:15]} 24. Reb1 {[%clk 0:29:36]} Qxa4
{[%clk 0:20:03]} 25. f5 {[%clk 0:28:23]} Bc8 {[%clk 0:19:07]} 26. Bf3
{[%clk 0:28:31]} Qa7 {[%clk 0:14:45]} 27. g4 {[%clk 0:21:31]} Qb7
{[%clk 0:13:39]} 28. Bd1 {[%clk 0:20:30]} Bd7 {[%clk 0:13:02]} 29. Ne1
{[%clk 0:20:03]} Be8 {[%clk 0:12:11]} 30. Rb2 {[%clk 0:19:41]} Nd7
{[%clk 0:11:25]} 31. Rab1 {[%clk 0:19:13]} Nc5 {[%clk 0:11:05]} 32. g5
{[%clk 0:18:07]} hxg5 {[%clk 0:09:15]} 33. Qxg5 {[%clk 0:18:25]} f6
{[%clk 0:09:42]} 34. Qg3 {[%clk 0:17:32]} Qf7 {[%clk 0:05:11]} 35. h4
{[%clk 0:15:37]} Ba4 {[%clk 0:04:54]} 36. Rg2 {[%clk 0:11:06]} Bxd1
{[%clk 0:04:45]} 37. Rxd1 {[%clk 0:11:18]} R6b7 {[%clk 0:05:08]} 38. Qg4
{[%clk 0:10:16]} Kf8 {[%clk 0:03:05]} 39. Nf3 {[%clk 0:07:25]} Ke8
{[%clk 0:01:46]} 40. h5 {[%clk 0:37:26]} Re7 {[%clk 0:30:57]} 41. Nh4
{[%clk 0:36:59]} Kd7 {[%clk 0:30:55]} 42. Rg3 {[%clk 0:31:34]} Kc6
{[%clk 0:28:58]} 43. Rd2 {[%clk 0:23:31]} b3 {[%clk 0:28:19]} 44. axb3
{[%clk 0:23:26]} Rxb3 {[%clk 0:28:39]} 45. Ng2 {[%clk 0:19:53]} Rb1+
{[%clk 0:26:45]} 46. Kf2 {[%clk 0:19:26]} Ra7 {[%clk 0:25:36]} 47. Ne1
{[%clk 0:18:41]} Raa1 {[%clk 0:19:28]} 48. Nc2 {[%clk 0:16:27]} Ra8
{[%clk 0:17:07]} 49. Qh3 {[%clk 0:12:40]} Kb6 {[%clk 0:12:57]} 50. Rg6
{[%clk 0:12:42]} Rb2 {[%clk 0:12:26]} 51. h6 {[%clk 0:09:01]} gxh6
{[%clk 0:10:56]} 52. Qxh6 {[%clk 0:08:53]} Nxd3+ {[%clk 0:08:46]} 53. Rxd3
{[%clk 0:07:18]} Rxc2+ {[%clk 0:09:12]} 54. Kg3 {[%clk 0:02:53]} Qxc4
{[%clk 0:08:56]} 55. Rf3 {[%clk 0:01:19]} Rc3 {[%clk 0:03:53]} 56. Rxc3
{[%clk 0:01:00]} Qxc3+ {[%clk 0:04:16]} 57. Kg4 {[%clk 0:01:21]} Ra1
{[%clk 0:02:32]} 58. Qh2 {[%clk 0:01:31]} Re1 {[%clk 0:01:50]} 59. Rxf6
{[%clk 0:01:36]} Rxe4+ {[%clk 0:01:46]} 60. Kg5 {[%clk 0:01:33]} Kc5
{[%clk 0:01:39]} 61. Rg6 {[%clk 0:00:58]} d3 {[%clk 0:01:17]} 62. Qa2
{[%clk 0:01:09]} Qb4 {[%clk 0:00:43]} 63. Qa7+ {[%clk 0:01:23]} Kd5
{[%clk 0:00:53]} 64. Qa8+ {[%clk 0:01:35]} Kd4 {[%clk 0:01:12]} 65. Qa1+
{[%clk 0:01:51]} Ke3 {[%clk 0:01:03]} 66. Qg1+ {[%clk 0:01:41]} Kd2
{[%clk 0:01:13]} 67. Kf6 {[%clk 0:02:03]} Re2 {[%clk 0:01:06]} 68. Rg8
{[%clk 0:00:55]} Qd4 {[%clk 0:00:50]} 69. Qb1 {[%clk 0:01:04]} e4+
{[%clk 0:01:09]} 70. Ke7 {[%clk 0:00:52]} Qe5+ {[%clk 0:01:13]} 71. Kd8
{[%clk 0:00:46]} Qf6+ {[%clk 0:01:24]} 72. Kc8 {[%clk 0:00:48]} Qxf5+
{[%clk 0:01:52]} 73. Kb8 {[%clk 0:01:07]} Qc5 {[%clk 0:01:20]} 74. Qb2+
{[%clk 0:01:03]} Qc2 {[%clk 0:01:41]} 75. Qb4+ {[%clk 0:01:27]} Qc3
{[%clk 0:02:03]} 76. Qb5 {[%clk 0:01:27]} Qe5 {[%clk 0:01:21]} 77. Qb4+
{[%clk 0:01:36]} Ke3 {[%clk 0:01:23]} 78. Qb6+ {[%clk 0:01:38]} Qc5
{[%clk 0:01:46]} 79. Qb1 {[%clk 0:01:26]} Kd2 {[%clk 0:00:44]} 80. Qb2+
{[%clk 0:01:39]} Qc2 {[%clk 0:00:59]} 81. Qb4+ {[%clk 0:01:54]} Qc3
{[%clk 0:01:27]} 82. Qb5 {[%clk 0:02:02]} Qe5 {[%clk 0:00:47]} 83. Qb4+
{[%clk 0:02:12]} Ke3 {[%clk 0:01:06]} 84. Qb6+ {[%clk 0:02:05]} Kf3
{[%clk 0:01:09]} 85. Rf8+ {[%clk 0:02:12]} Kg2 {[%clk 0:01:30]} 86. Rg8+
{[%clk 0:02:28]} Kh3 {[%clk 0:01:49]} 87. Qg1 {[%clk 0:01:06]} d5+
{[%clk 0:01:31]} 88. Kc8 {[%clk 0:01:08]} Rc2+ {[%clk 0:01:56]} 89. Kd8
{[%clk 0:01:33]} Qd6+ {[%clk 0:02:14]} 90. Ke8 {[%clk 0:01:36]} Rc8+
{[%clk 0:02:37]} 91. Kf7 {[%clk 0:01:57]} Rc7+ {[%clk 0:03:06]} 0-1

[Event "George Trundle Qualifiers 2016"]
[Site "Auckland"]
[Date "2016.07.16"]
[Round "8.5"]
[White "Fan, Allen Chi Zhou"]
[Black "Morrell, Gordon"]
[Result "0-1"]
[LiveChessVersion "1.4.8"]
[BlackElo "2077"]
[WhiteElo "1843"]

1. Nf3 {[%clk 1:30:58]} b6 {[%clk 1:30:44]} 2. g3 {[%clk 1:31:10]} Bb7
{[%clk 1:30:54]} 3. Bg2 {[%clk 1:31:35]} Nf6 {[%clk 1:28:52]} 4. c4
{[%clk 1:31:57]} e6 {[%clk 1:28:26]} 5. O-O {[%clk 1:32:21]} Be7 {[%clk 1:28:30]}
6. Nc3 {[%clk 1:32:34]} O-O {[%clk 1:28:21]} 7. Re1 {[%clk 1:32:10]} d5
{[%clk 1:22:02]} 8. cxd5 {[%clk 1:29:50]} exd5 {[%clk 1:21:58]} 9. d4
{[%clk 1:28:31]} Na6 {[%clk 1:19:04]} 10. a3 {[%clk 1:23:18]} c6 {[%clk 1:12:48]}
11. Bf4 {[%clk 1:22:24]} Nc7 {[%clk 1:12:20]} 12. Qc2 {[%clk 1:12:24]} Ne6
{[%clk 1:11:19]} 13. Be3 {[%clk 1:10:02]} Rc8 {[%clk 1:09:12]} 14. Rad1
{[%clk 1:08:17]} c5 {[%clk 1:05:21]} 15. Ng5 {[%clk 1:03:25]} Nxd4
{[%clk 1:00:22]} 16. Bxd4 {[%clk 1:03:18]} cxd4 {[%clk 1:00:46]} 17. Rxd4
{[%clk 1:03:28]} Bc5 {[%clk 0:55:39]} 18. Rf4 {[%clk 0:36:29]} h6
{[%clk 0:49:44]} 19. Nh3 {[%clk 0:32:29]} Ne4 {[%clk 0:43:26]} 20. Rd1
{[%clk 0:30:49]} Qe8 {[%clk 0:31:55]} 21. Bxe4 {[%clk 0:17:34]} dxe4
{[%clk 0:32:14]} 22. b4 {[%clk 0:17:07]} Be7 {[%clk 0:27:09]} 23. Qb3
{[%clk 0:16:32]} Bg5 {[%clk 0:18:37]} 24. Nxg5 {[%clk 0:15:45]} hxg5
{[%clk 0:19:00]} 25. Rf5 {[%clk 0:15:31]} Qe7 {[%clk 0:14:17]} 26. Nb5
{[%clk 0:11:51]} g6 {[%clk 0:13:36]} 27. Rfd5 {[%clk 0:07:26]} Bxd5
{[%clk 0:13:57]} 28. Rxd5 {[%clk 0:07:43]} Rfd8 {[%clk 0:09:01]} 29. Rxd8+
{[%clk 0:06:23]} Rxd8 {[%clk 0:08:59]} 30. Qa4 {[%clk 0:05:40]} e3
{[%clk 0:06:48]} 31. Qxa7 {[%clk 0:04:56]} Rd1+ {[%clk 0:05:39]} 32. Kg2
{[%clk 0:05:16]} exf2 {[%clk 0:05:33]} 33. Qb8+ {[%clk 0:04:21]} Kh7
{[%clk 0:03:22]} 34. Kxf2 {[%clk 0:04:40]} Qf6+ {[%clk 0:03:14]} 35. Ke3
{[%clk 0:04:56]} Qe6+ {[%clk 0:03:16]} 0-1